[Event "Merida World Heritage op 1st"]
[Site "Merida"]
[Date "2021.08.08"]
[Round "9"]
[White "Paiva, Rodrigo Garcia"]
[Black "Palomo Monserrat, Lorenzo"]
[Result "1-0"]
[WhiteElo "1532"]
[BlackElo "1451"]
[PlyCount "61"]
[EventDate "2021.08.04"]
[EventType "swiss"]
[EventRounds "9"]
[EventCountry "ESP"]
[SourceTitle "EXT 2023"]
[Source "ChessBase"]
[SourceDate "2022.10.05"]
[SourceVersion "1"]
[SourceVersionDate "2022.10.05"]
[SourceQuality "1"]

1. d4 d5 2. c4 c6 3. Nc3 Nf6 4. e3 Bf5 5. Qb3 Qc8 6. cxd5 cxd5 7. Nxd5 Nxd5 8. Qxd5 e6 9. Qb5+ Nc6 10. Bd2 Bd6 11. Nf3 0-0 12. Rc1 Qd7 13. Be2 a6 14. Qb3 e5 15. d5 Ne7 16. 0-0 e4 17. Nd4 Nxd5 18. f3 Nf6 19. f4 Rab8 20. h3 h5 21. Nxf5 Qxf5 22. Bc3 Rfc8 23. Rfd1 Bc5 24. Be5 Ra8 25. Bc4 Qg6 26. a4 Rc6 27. Bd4 Rb6 28. Qc3 Bxd4 29. Qxd4 Rb4 30. Bxf7+ Kxf7 31. Qxb4 1-0

[Event "Pombal op 11th"]
[Site "Pombal"]
[Date "2020.10.04"]
[Round "4"]
[White "Areal, Maria Beatriz Moura"]
[Black "Paiva, Rodrigo Garcia"]
[Result "1-0"]
[WhiteElo "1261"]
[BlackElo "1501"]
[PlyCount "103"]
[EventDate "2020.10.02"]
[EventType "swiss"]
[EventRounds "7"]
[EventCountry "POR"]
[SourceTitle "CBM 198 Extra"]
[Source "ChessBase"]
[SourceDate "2020.11.30"]
[SourceVersion "1"]
[SourceVersionDate "2020.11.30"]
[SourceQuality "1"]

1. e4 c5 2. Nf3 e6 3. d4 cxd4 4. Nxd4 Nc6 5. Nc3 a6 6. Nxc6 bxc6 7. Bd3 d5 8. 0-0 Ne7 9. Re1 d4 10. Nb1 c5 11. Nd2 e5 12. Nc4 Nc6 13. Qf3 Bd6 14. Qg3 Qf6 15. Nxd6+ Qxd6 16. Qxg7 Qf8 17. Qf6 Be6 18. Bh6 Qg8 19. Bg7 Kd7 20. Bxh8 Qxh8 21. Qxh8 Rxh8 22. Bxa6 Nb4 23. Bb5+ Kc7 24. Re2 Kb6 25. a4 h5 26. h3 Rg8 27. Kf1 Ra8 28. Ra3 Ra5 29. Rg3 Rxb5 30. axb5 Bc4 31. c3 Nc2 32. Rg5 dxc3 33. bxc3 Na3 34. Ke1 Bxe2 35. Kxe2 f6 36. Rxh5 Nxb5 37. Kd2 Nd6 38. f3 Kc7 39. Rh7+ Kd8 40. h4 Ke8 41. Rc7 c4 42. Rc6 Kd7 43. Ra6 f5 44. Ke3 f4+ 45. Kd2 Nf7 46. h5 Ke7 47. Rg6 Nh8 48. Rg7+ Kf6 49. Rg8 Nf7 50. Rg6+ Ke7 51. Kc2 Nh8 52. Rc6 1-0